| 000 | 01389nam a2200349 c 4500 | ||
|---|---|---|---|
| 001 | 57738 | ||
| 003 | CO-BoRNBP | ||
| 005 | 20250730092613.0 | ||
| 007 | ta | ||
| 008 | 161019s1978 sp a 000 0 spa | ||
| 017 |
_aB 19780-1978 _bOficina Depósito Legal Barcelona |
||
| 020 |
_a8470806033 _qv. 1 |
||
| 020 |
_a8470806041 _qv. 2 |
||
| 040 |
_aSpMaBN _bspa _cSpMaBN _erdc |
||
| 080 | _a087.5:82 | ||
| 080 | _a592/599(0:82) | ||
| 100 | 1 |
_aSeton, Ernest Thompson _961457 |
|
| 245 | 1 | 0 |
_aCostumbres de animales salvajes _cErnest Thompson Seton ; [ilustraciones de Antoni Batllori ; traducción de Emilio M. Martínez Amador] |
| 246 | 1 | 8 | _aAnimales salvajes |
| 250 | _a1a. edición | ||
| 300 |
_a2 v. (127, 122 p.) _bil. _c18 cm |
||
| 336 |
_aTexto (visual) _2isbdcontent _btxt |
||
| 337 |
_asin mediación _2isbdmedia _bn |
||
| 338 |
_2rdacarrier _avolumen _bnc |
||
| 490 | 0 |
_aMoby Dick. Biblioteca de bolsillo junior _v103-104 |
|
| 650 | 7 |
_aAnimales _vCuentos _2embne _9745 |
|
| 655 | 7 |
_aCuentos juveniles _2tgfbne _961458 |
|
| 655 | 7 |
_aLibros juveniles _2tgfbne _961459 |
|
| 942 |
_2ddc _cBK |
||
| 956 | _a2 | ||
| 980 |
_aB 19780-1978 _a84-7080-603-3 _qv. 1 _a84-7080-604-1 _qv. 2 _cDonativo del _aMuseo de Ciencias Naturales _doctubre de 2016 _aEncuadernación en rústica. Guardados en estuche de cartón _aSpMaBN _bBNALCALA _jDL/2438697-DL/2438698 _cCONSERVACI _81 _av. _81.1 _a1 _81.2 _a2 _80 _a2 v. |
||
| 999 |
_c57738 _d57738 |
||